| 000 | 00502nam a2200169Ia 4500 | ||
|---|---|---|---|
| 999 |
_c8080 _d8080 |
||
| 003 | OSt | ||
| 005 | 20191227104046.0 | ||
| 008 | 190216s9999||||xx |||||||||||||| ||und|| | ||
| 020 | _a9788184840209 | ||
| 040 | _coclc | ||
| 082 |
_a338.1854 _bTAR/E |
||
| 100 |
_aTarique, M D _9802 |
||
| 245 | 0 |
_aEconomics Reforms And Indian Agriculture / _c M D Tarique |
|
| 260 |
_bRegal Publications, _c2009. _aNew Delhi: |
||
| 300 | _a311p | ||
| 942 |
_cBK _2ddc _h338.1854 _iTAR/E _k338.1854 _mTAR/E |
||